Strukturierte Programmierung Schriftenreihe Informationsverarbeitung
Salvato in:
| Natura: | Libro |
|---|---|
| Lingua: | tedesco |
| Pubblicazione: |
Leipzig
Teubner
1981
|
| Tags: |
Nessun Tag, puoi essere il primo ad aggiungerne!!
|
MARC
| LEADER | 00000nam a2200000 4500 | ||
|---|---|---|---|
| 001 | c136805 | ||
| 005 | 20260324070434.3 | ||
| 041 | 0 | |a ger | |
| 044 | |a DE | ||
| 245 | 1 | 0 | |a Strukturierte Programmierung |b Schriftenreihe Informationsverarbeitung |c Ottomar Herrlich, Ulrich Lindner |
| 264 | 1 | |a Leipzig |b Teubner |c 1981 | |
| 300 | |a 168 s. | ||